Sports Quiz

Random Sports or City Quiz

Big 4 Most Recent Championship by City Quiz Stats

 Plays Quiz Updated Feb 3, 2019

Score 0/30 Timer 03:00
9 Plays Today
City Team % Correct
New YorkGiants
94.7%
Los AngelesKings
92.8%
IndianapolisColts
91.3%
ChicagoCubs
90.8%
BostonPatriots
90.4%
New OrleansSaints
90.4%
PittsburghPenguins
89.7%
MiamiHeat
88.9%
St. LouisCardinals
88.8%
PhiladelphiaEagles
88.2%
DetroitRed Wings
87.1%
San FranciscoGiants
86.8%
OaklandWarriors
85.9%
CincinnatiReds
85.6%
BaltimoreRavens
84.4%
City Team % Correct
AnaheimDucks
83.4%
DallasMavericks
79.4%
AtlantaBraves
76.2%
TorontoBlue Jays
75.1%
MontrealCanadiens
71.6%
Kansas CityRoyals
70.7%
HoustonAstros
67.9%
TampaLightning
67.5%
DenverBroncos
66.3%
SeattleSeahawks
66.3%
ClevelandCavaliers
65.9%
WashingtonCapitals
64.9%
MinneapolisTwins
64.3%
PhoenixDiamondbacks
61.6%
MilwaukeeBucks
59.6%

You're not logged in!

Compare scores with friends on all Sporcle quizzes.
OR
Log In

You Might Also Like...

Show Comments

Extras

Top Quizzes Today


Score Distribution

Your Account Isn't Verified!

In order to create a playlist on Sporcle, you need to verify the email address you used during registration. Go to your Sporcle Settings to finish the process.

Report this User

Report this user for behavior that violates our Community Guidelines.

Details: